00672nam a2200241 a 4500001001300000003000900013005001700022008004100039020001000080082001700090100002300107245003700130260003800167300000900205500003500214505001800249650001300267700002300280902000800303942000700311952009700318999001500415nice12345678IN_TiNIC20260116011403.0050524s1938 lona grp 000 0 eng  ac10000a909.07bATI1 aAtiya, Aziz Suryal aCrusade in the Later Middle Ages aLondonbMethuen and Companyc1938 a603p aincludes index and biblioraphy2 aIndex, Illus. aCrusades1 aAtiya, Aziz Suryal bSRS cBK 00104070aHMIbHMId2007-06-05g100.00l0o909.07 ATI1p00451r2007-06-05w2026-01-16yEB c1086d1086